| 000 | 00765nam a2200241Ia 4500 | ||
|---|---|---|---|
| 003 | PE SENCICO BE | ||
| 005 | 20251020182536.0 | ||
| 008 | 200515s9999 xx 000 0 und d | ||
| 020 | _a978-84-15829-77-5 | ||
| 040 |
_aPE SENCICO BE _cPE SENCICO BE |
||
| 041 | _aspa | ||
| 082 |
_a747 _bI4 |
||
| 110 | 1 |
_9238 _aInstituto Monsa de Ediciones |
|
| 245 | 1 | 0 |
_aInteriors for singles : _bnew trends / _cInstituto Monsa de Ediciones |
| 250 | _a[1a ed.] | ||
| 260 |
_aBarcelona: _bInstituto Monsa de Ediciones, _c2014 |
||
| 300 |
_a143 p. : _bil. col.; _c23 cm. |
||
| 650 | 1 | 0 |
_aDiseño de interiores _944 |
| 650 | 2 | 0 |
_aEdificios de vivienda _9273 |
| 700 | 1 |
_9193 _aMinguet, José María |
|
| 942 |
_cLIB _2ddc _h747 _iI4 |
||
| 999 |
_c2235 _d2235 |
||